00555nam a2200133Ia 4500008004100000100002600041245009300067245011100160260005300271260000900324300001200333650001500345856006100360170221s9999 xx 000 0 und d aKonstantin V. Vodenko aModern Institutes and Regulatory Forms of Social and Labor Relations in Russian Society  cKonstantin V. Vodenko, Olga M. Shevchenko, Tatyana I. Barsukova, Ekaterina I. Hubuluri, Natalya V. Mishina bInternational Review of Management and Marketing c2016 a15 : 12 xMarketing. uhttp://www.econjournals.com/index.php/irmm/issue/view/86